00440nam a22001457a 450000500170000000800410001702000180005804100130007608200140008910000400010324500610014326000540020430000110025865000250026920231102145802.0231102b |||||||| |||| 00| 0 eng d a9781485109648 aEnglish  a346.6 HAV aLoubser, A and Mahony DP lEnglish  aCompany Secretarial Practice / cA Loubser and DP Mahony aCape Town : bJuta and Company (Pty) Ltd, c2016  c26 cm. aLegal practice bLaw